| 000 | 00493nam a22001577a 4500 | ||
|---|---|---|---|
| 999 |
_c18545 _d18545 |
||
| 008 | 200929b xxu||||| |||| 00| 0 eng d | ||
| 020 | _a14786078607831 | ||
| 050 |
_aTK7895 _b.S54 2005 c.1 |
||
| 100 | _aShen, John Paul | ||
| 245 |
_aModern Processor Design _bfundamentals of superscalar processors _cJohn Paul Shen |
||
| 260 |
_aIllinois _bWaveland press _c2005 |
||
| 300 | _axiv, 642p. | ||
| 650 |
_aMicroprocessor _vdesign and construction |
||
| 700 | _aMIkko H. Lipasti | ||
| 942 |
_2lcc _cBK |
||